00249nam a22001097a 4500082001700000100003300017245004300050250001200093260000900105300000800114650001700122 a574.192 HAR  aHarvey (Acc.No 25739-25828)  aLippincott's Illustrated Biochemistry  a3rd ed  c2005 a534 aBiochemistry